<?xml version="1.0" encoding="UTF-8"?>
<record
    xmlns:xsi="http://www.w3.org/2001/XMLSchema-instance"
    xsi:schemaLocation="http://www.loc.gov/MARC21/slim http://www.loc.gov/standards/marcxml/schema/MARC21slim.xsd"
    xmlns="http://www.loc.gov/MARC21/slim">

  <leader>01623nam0a2200325 i 4500</leader>
  <controlfield tag="001">RU\NLR\bibl\2040705</controlfield>
  <controlfield tag="005">20240921195303.0</controlfield>
  <datafield tag="010" ind1=" " ind2=" ">
    <subfield code="a">9785939793094</subfield>
    <subfield code="9">1000</subfield>
  </datafield>
  <datafield tag="035" ind1=" " ind2=" ">
    <subfield code="a">(NLR Aleph) 002028007</subfield>
  </datafield>
  <datafield tag="090" ind1=" " ind2=" ">
    <subfield code="a">4536620</subfield>
    <subfield code="c">4536620</subfield>
  </datafield>
  <datafield tag="100" ind1=" " ind2=" ">
    <subfield code="a">20130404d2012    u  y0rusy50      ca</subfield>
  </datafield>
  <datafield tag="101" ind1="0" ind2=" ">
    <subfield code="a">rus</subfield>
  </datafield>
  <datafield tag="102" ind1=" " ind2=" ">
    <subfield code="a">RU</subfield>
  </datafield>
  <datafield tag="105" ind1=" " ind2=" ">
    <subfield code="a">y   |||||||||</subfield>
  </datafield>
  <datafield tag="200" ind1="1" ind2=" ">
    <subfield code="a">&#x423;&#x43B;&#x44C;&#x442;&#x440;&#x430;&#x437;&#x432;&#x443;&#x43A;&#x43E;&#x432;&#x430;&#x44F; &#x434;&#x438;&#x430;&#x433;&#x43D;&#x43E;&#x441;&#x442;&#x438;&#x43A;&#x430; &#x437;&#x430;&#x431;&#x43E;&#x43B;&#x435;&#x432;&#x430;&#x43D;&#x438;&#x439; &#x433;&#x435;&#x43F;&#x430;&#x442;&#x43E;&#x431;&#x438;&#x43B;&#x438;&#x430;&#x440;&#x43D;&#x43E;&#x439; &#x441;&#x438;&#x441;&#x442;&#x435;&#x43C;&#x44B;</subfield>
    <subfield code="e">&#x443;&#x447;&#x435;&#x431;&#x43D;&#x43E;&#x435; &#x43F;&#x43E;&#x441;&#x43E;&#x431;&#x438;&#x435;</subfield>
    <subfield code="e">[&#x434;&#x43B;&#x44F; &#x43B;&#x443;&#x447;&#x435;&#x432;&#x44B;&#x445; &#x434;&#x438;&#x430;&#x433;&#x43D;&#x43E;&#x441;&#x442;&#x43E;&#x432;, &#x441;&#x43F;&#x435;&#x446;&#x438;&#x430;&#x43B;&#x438;&#x441;&#x442;&#x43E;&#x432; &#x443;&#x43B;&#x44C;&#x442;&#x440;&#x430;&#x437;&#x432;&#x443;&#x43A;&#x43E;&#x432;&#x43E;&#x439; &#x434;&#x438;&#x430;&#x433;&#x43D;&#x43E;&#x441;&#x442;&#x438;&#x43A;&#x438;]</subfield>
    <subfield code="f">&#x422;&#x440;&#x443;&#x444;&#x430;&#x43D;&#x43E;&#x432; &#x413;.&#x415;., &#x411;&#x430;&#x433;&#x43D;&#x435;&#x43D;&#x43A;&#x43E; &#x421;.&#x421;.</subfield>
    <subfield code="g">&#x412;&#x43E;&#x435;&#x43D;. &#x43C;&#x435;&#x434;. &#x430;&#x43A;&#x430;&#x434;. &#x438;&#x43C;. &#x421;.&#x41C;. &#x41A;&#x438;&#x440;&#x43E;&#x432;&#x430;</subfield>
  </datafield>
  <datafield tag="210" ind1=" " ind2=" ">
    <subfield code="a">&#x421;&#x430;&#x43D;&#x43A;&#x442;-&#x41F;&#x435;&#x442;&#x435;&#x440;&#x431;&#x443;&#x440;&#x433;</subfield>
    <subfield code="c">&#x42D;&#x43B;&#x431;&#x438;-&#x421;&#x41F;&#x431;</subfield>
    <subfield code="d">2012</subfield>
  </datafield>
  <datafield tag="215" ind1=" " ind2=" ">
    <subfield code="a">156, [1] &#x441;.</subfield>
    <subfield code="d">16</subfield>
  </datafield>
  <datafield tag="225" ind1="1" ind2=" ">
    <subfield code="a">&#x41F;&#x440;&#x430;&#x43A;&#x442;&#x438;&#x43A;&#x443;&#x43C; &#x434;&#x43B;&#x44F; &#x434;&#x438;&#x430;&#x433;&#x43D;&#x43E;&#x441;&#x442;&#x430;</subfield>
  </datafield>
  <datafield tag="225" ind1="1" ind2=" ">
    <subfield code="a">&#x421;&#x435;&#x440;&#x438;&#x44F; &#x41F;&#x414;&#x414;</subfield>
    <subfield code="v">12</subfield>
  </datafield>
  <datafield tag="606" ind1="1" ind2=" ">
    <subfield code="a">&#x413;&#x435;&#x43F;&#x430;&#x442;&#x43E;&#x431;&#x438;&#x43B;&#x438;&#x430;&#x440;&#x43D;&#x430;&#x44F; &#x441;&#x438;&#x441;&#x442;&#x435;&#x43C;&#x430;</subfield>
    <subfield code="j">&#x423;&#x447;&#x435;&#x431;&#x43D;&#x44B;&#x435; &#x438;&#x437;&#x434;&#x430;&#x43D;&#x438;&#x44F; &#x434;&#x43B;&#x44F; &#x43F;&#x43E;&#x432;&#x44B;&#x448;&#x435;&#x43D;&#x438;&#x44F; &#x43A;&#x432;&#x430;&#x43B;&#x438;&#x444;&#x438;&#x43A;&#x430;&#x446;&#x438;&#x438;</subfield>
    <subfield code="x">&#x411;&#x43E;&#x43B;&#x435;&#x437;&#x43D;&#x438;</subfield>
    <subfield code="x">&#x423;&#x43B;&#x44C;&#x442;&#x440;&#x430;&#x437;&#x432;&#x443;&#x43A;&#x43E;&#x432;&#x430;&#x44F; &#x434;&#x438;&#x430;&#x433;&#x43D;&#x43E;&#x441;&#x442;&#x438;&#x43A;&#x430;</subfield>
    <subfield code="9">1388281</subfield>
    <subfield code="3">RU\NLR\auth\66269981</subfield>
  </datafield>
  <datafield tag="686" ind1=" " ind2=" ">
    <subfield code="a">&#x420;457.465.35-433.9&#x44F;77</subfield>
  </datafield>
  <datafield tag="686" ind1=" " ind2=" ">
    <subfield code="a">&#x420;413.5-433.9&#x44F;77</subfield>
  </datafield>
  <datafield tag="700" ind1=" " ind2="1">
    <subfield code="4">070</subfield>
    <subfield code="a">&#x422;&#x440;&#x443;&#x444;&#x430;&#x43D;&#x43E;&#x432;</subfield>
    <subfield code="b">&#x413;. &#x415;.</subfield>
    <subfield code="f">1961-</subfield>
    <subfield code="g">&#x413;&#x435;&#x43D;&#x43D;&#x430;&#x434;&#x438;&#x439; &#x415;&#x432;&#x433;&#x435;&#x43D;&#x44C;&#x435;&#x432;&#x438;&#x447;</subfield>
    <subfield code="9">139682</subfield>
    <subfield code="3">RU\NLR\AUTH\770139717</subfield>
  </datafield>
  <datafield tag="701" ind1=" " ind2="1">
    <subfield code="a">&#x411;&#x430;&#x433;&#x43D;&#x435;&#x43D;&#x43A;&#x43E;</subfield>
    <subfield code="b">&#x421;. &#x421;.</subfield>
    <subfield code="g">&#x421;&#x435;&#x440;&#x433;&#x435;&#x439; &#x421;&#x435;&#x440;&#x433;&#x435;&#x435;&#x432;&#x438;&#x447;</subfield>
    <subfield code="4">070</subfield>
  </datafield>
  <datafield tag="801" ind1=" " ind2="0">
    <subfield code="a">RU</subfield>
    <subfield code="b">NLR</subfield>
    <subfield code="c">20130404</subfield>
    <subfield code="g">RCR</subfield>
  </datafield>
  <datafield tag="801" ind1=" " ind2="1">
    <subfield code="a">RU</subfield>
    <subfield code="b">NLR</subfield>
    <subfield code="c">20130404</subfield>
  </datafield>
  <datafield tag="942" ind1=" " ind2=" ">
    <subfield code="c">BOOK</subfield>
  </datafield>
  <datafield tag="980" ind1=" " ind2=" ">
    <subfield code="a">NBR</subfield>
  </datafield>
</record>
